[Event "Chennai op 5th"]
[Site "Chennai"]
[Date "2013.01.21"]
[Round "9"]
[White "Sidhant, Mohapatra"]
[Black "Gopalakrishnan, K."]
[Result "1-0"]
[WhiteElo "2233"]
[BlackElo "1991"]
[PlyCount "77"]
[EventDate "2013.01.16"]
[EventType "swiss"]
[EventRounds "11"]
[EventCountry "IND"]
[SourceTitle "CBM 152 Extra"]
[Source "ChessBase"]
[SourceDate "2013.02.25"]
[SourceVersion "1"]
[SourceVersionDate "2013.02.25"]
[SourceQuality "1"]

1. e4 c5 2. Nf3 d6 3. b3 Nc6 4. Bb2 e6 5. g3 Nf6 6. Qe2 Be7 7. Bg2 0-0 8. 0-0 Bd7 9. d4 cxd4 10. Nxd4 Nxd4 11. Bxd4 Bc6 12. Rd1 Qa5 13. a3 d5 14. b4 Qa6 15. Qxa6 bxa6 16. exd5 Bxd5 17. Bxd5 Nxd5 18. c4 Nb6 19. c5 Nd5 20. Nc3 Nxc3 21. Bxc3 Rfd8 22. Be5 Bf6 23. Bxf6 gxf6 24. Kf1 Kf8 25. Ke2 Ke7 26. Rd3 Rxd3 27. Kxd3 Rd8+ 28. Kc3 Rd5 29. Ra2 Rd1 30. Rd2 Rc1+ 31. Kb3 a5 32. Ka4 axb4 33. axb4 Ra1+ 34. Kb5 e5 35. c6 a6+ 36. Kb6 Rb1 37. c7 Rxb4+ 38. Kc5 Rb5+ 39. Kc6 1-0

[Event "Chennai op 5th"]
[Site "Chennai"]
[Date "2013.01.19"]
[Round "4"]
[White "Pradeep, Kumar RA"]
[Black "Gopalakrishnan, K."]
[Result "1-0"]
[WhiteElo "2264"]
[BlackElo "1991"]
[PlyCount "85"]
[EventDate "2013.01.16"]
[EventType "swiss"]
[EventRounds "11"]
[EventCountry "IND"]
[SourceTitle "CBM 152 Extra"]
[Source "ChessBase"]
[SourceDate "2013.02.25"]
[SourceVersion "1"]
[SourceVersionDate "2013.02.25"]
[SourceQuality "1"]

1. Nf3 Nf6 2. g3 d5 3. Bg2 e6 4. d3 c5 5. 0-0 Nc6 6. Nbd2 Be7 7. e4 b6 8. Re1 Bb7 9. Qe2 Qc7 10. e5 Nd7 11. Nf1 h6 12. Bd2 g5 13. h3 0-0-0 14. a3 Rdg8 15. b4 h5 16. b5 Nd8 17. a4 a5 18. bxa6 Bxa6 19. c4 dxc4 20. dxc4 Nc6 21. Bc3 g4 22. hxg4 hxg4 23. N3h2 Ndxe5 24. Bxe5 Nxe5 25. Qxe5 Qxe5 26. Rxe5 Bf6 27. Ree1 Bxa1 28. Rxa1 Bxc4 29. a5 Bd5 30. axb6 Bxg2 31. Kxg2 f5 32. Ra7 Kb8 33. Ne3 Rc8 34. Nc4 Rc6 35. Re7 Rd8 36. Nf1 Rd4 37. Nfe3 Kc8 38. b7+ Kb8 39. Re8+ Kxb7 40. Na5+ Kc7 41. Nxc6 Kxc6 42. Rxe6+ Kb5 43. Nxf5 1-0

[Event "Chennai op 3rd"]
[Site "Chennai"]
[Date "2011.01.20"]
[Round "4"]
[White "Gopalakrishnan, K."]
[Black "Sethuraman, SP."]
[Result "1/2-1/2"]
[WhiteElo "2087"]
[BlackElo "2545"]
[PlyCount "110"]
[EventDate "2011.01.18"]
[EventType "swiss"]
[EventRounds "11"]
[EventCountry "IND"]
[SourceTitle "CBM 140 Extra"]
[Source "ChessBase"]
[SourceDate "2011.03.01"]
[SourceVersion "1"]
[SourceVersionDate "2011.03.01"]
[SourceQuality "1"]

1. e4 c5 2. Nf3 d6 3. d4 cxd4 4. Nxd4 Nf6 5. Nc3 Nc6 6. Bg5 e6 7. Qd2 a6 8. 0-0-0 Be7 9. f4 Bd7 10. Kb1 b5 11. Nxc6 Bxc6 12. Qe1 Qc7 13. Bd3 h6 14. Bxf6 Bxf6 15. Nd5 Qd8 16. Rf1 0-0 17. Nxf6+ Qxf6 18. g4 a5 19. h4 Qe7 20. g5 h5 21. f5 exf5 22. exf5 Qxe1 23. Rdxe1 Rae8 24. Kc1 Re5 25. Kd2 Rfe8 26. Rxe5 Rxe5 27. Re1 f6 28. Rxe5 fxe5 29. a3 b4 30. axb4 axb4 31. Ke3 d5 32. c3 Kf8 33. Bc2 Ke7 34. Bd1 Be8 35. Bb3 Kd6 36. Bc2 Bd7 37. cxb4 Bc6 38. Bd1 Bd7 39. Bc2 Bb5 40. Bd3 Be8 41. Bc2 Bd7 42. Kf3 Bc6 43. Ke3 Bd7 44. Kf3 Bb5 45. Ke3 d4+ 46. Ke4 Bc6+ 47. Kd3 Bb5+ 48. Ke4 Bc6+ 49. Kd3 Bg2 50. Bd1 Bf1+ 51. Ke4 Bb5 52. Bxh5 Bc6+ 53. Kd3 Bb5+ 54. Ke4 Bc6+ 55. Kd3 Bb5+ 1/2-1/2

[Event "Chennai WinTV op 1st"]
[Site "Chennai"]
[Date "2004.01.22"]
[Round "3"]
[White "Gopalakrishnan, K."]
[Black "Gopikrishna, M."]
[Result "0-1"]
[WhiteElo "2185"]
[BlackElo "1975"]
[PlyCount "100"]
[EventDate "2004.01.21"]
[EventType "swiss"]
[EventRounds "13"]
[EventCountry "IND"]
[SourceTitle "CBM 098 Extra"]
[Source "ChessBase"]
[SourceDate "2004.03.10"]
[SourceVersion "2"]
[SourceVersionDate "2004.03.10"]
[SourceQuality "1"]

1. e4 e6 2. d4 d5 3. Nc3 Bb4 4. e5 c5 5. a3 Ba5 6. b4 cxd4 7. Nb5 Bc7 8. f4 Nc6 9. Nxc7+ Qxc7 10. Nf3 Nge7 11. Bd3 Nf5 12. Bxf5 exf5 13. Bb2 Be6 14. 0-0 0-0 15. Kh1 Rac8 16. Bxd4 Nxd4 17. Nxd4 Qb6 18. g4 Rc4 19. c3 fxg4 20. f5 Bc8 21. Qxg4 Rxc3 22. e6 Rc4 23. Rad1 fxe6 24. fxe6 Qd6 25. Qg5 Bxe6 26. Rg1 g6 27. Rge1 Bf5 28. Nxf5 Rxf5 29. Re8+ Kf7 30. Qd8 Qxd8 31. Rxd8 Ke7 32. R8xd5 Rxd5 33. Rxd5 Rc2 34. Ra5 a6 35. Rd5 Rc3 36. Ra5 Kd7 37. Kg2 Kc7 38. h4 Kb6 39. h5 gxh5 40. Kh2 Ka7 41. Rxh5 Rxa3 42. Rxh7 Ra4 43. b5 axb5 44. Kg2 Rf4 45. Kg3 Rf6 46. Rh2 Kb6 47. Rb2 Kc5 48. Rc2+ Kb4 49. Rc7 b6 50. Rc8 Kb3 0-1

[Event "Chennai WinTV op 1st"]
[Site "Chennai"]
[Date "2004.01.22"]
[Round "2"]
[White "Muralidharan, MB."]
[Black "Gopalakrishnan, K."]
[Result "1-0"]
[WhiteElo "2341"]
[BlackElo "2185"]
[PlyCount "55"]
[EventDate "2004.01.21"]
[EventType "swiss"]
[EventRounds "13"]
[EventCountry "IND"]
[SourceTitle "CBM 098 Extra"]
[Source "ChessBase"]
[SourceDate "2004.03.10"]
[SourceVersion "2"]
[SourceVersionDate "2004.03.10"]
[SourceQuality "1"]

1. e4 c5 2. Nc3 Nc6 3. Bb5 g6 4. f4 Bg7 5. Nf3 d6 6. 0-0 Nf6 7. e5 dxe5 8. Nxe5 Bd7 9. Bxc6 Bxc6 10. Nxc6 bxc6 11. d3 0-0 12. Kh1 Rb8 13. Rb1 Qa5 14. Bd2 Qa6 15. b3 Nd5 16. Na4 Rfd8 17. Qe2 e6 18. Qe4 Nb6 19. Nc3 Nd5 20. Na4 Nb6 21. Bc3 Bd4 22. Nxc5 Bxc5 23. Qe5 Bd4 24. Bxd4 Rxd4 25. Qxd4 Nd5 26. a4 Qa5 27. Qe5 Rd8 28. c4 1-0

[Event "Goodricke op 11th"]
[Site "Kolkata"]
[Date "2000.02.12"]
[Round "7"]
[White "Shantharam, KV."]
[Black "Gopalakrishnan, K."]
[Result "1-0"]
[WhiteElo "2198"]
[BlackElo "2211"]
[PlyCount "121"]
[EventDate "2000.02.05"]
[EventType "swiss"]
[EventRounds "11"]
[EventCountry "IND"]
[SourceTitle "CBM 074 Extra"]
[Source "ChessBase"]
[SourceDate "2000.03.10"]
[SourceVersion "2"]
[SourceVersionDate "2000.03.10"]
[SourceQuality "1"]

1. d4 e6 2. Nf3 Nf6 3. Bf4 b6 4. e3 Bb7 5. Nbd2 c5 6. c3 Be7 7. Bd3 0-0 8. 0-0 d6 9. Qe2 Nh5 10. Bxh7+ Kxh7 11. Ng5+ Kg6 12. Qd3+ f5 13. Nxe6 Qd7 14. d5 c4 15. Nxc4 Na6 16. e4 Nc5 17. exf5+ Rxf5 18. Nxc5 bxc5 19. Bd2 Kf7 20. Qh3 Nf6 21. Ne3 Rh5 22. Qxd7 Nxd7 23. c4 Ne5 24. f4 Nxc4 25. Nxc4 Bxd5 26. Ne3 Be4 27. Ng4 Rb8 28. Nf2 Bc6 29. Bc3 Bh4 30. g3 Be7 31. Rfe1 Bf6 32. Bxf6 gxf6 33. b3 Rbh8 34. h4 Rd5 35. Rad1 Re8 36. Rxe8 Rxd1+ 37. Nxd1 Bxe8 38. Ne3 Bc6 39. Kf2 d5 40. g4 Ke6 41. h5 d4 42. Nc4 Bd5 43. Nd2 a5 44. Ke2 Bc6 45. h6 Kf7 46. Kd3 Bb5+ 47. Kc2 Kg6 48. Ne4 c4 49. h7 Kxh7 50. Nxf6+ Kg6 51. Ne4 c3 52. Nc5 Be2 53. Ne6 Bxg4 54. Nxd4 Kf6 55. Kxc3 Ke7 56. Kc4 a4 57. b4 Kd6 58. a3 Bh5 59. b5 Bf7+ 60. Kb4 Kd5 61. b6 1-0

[Event "Goodricke op 11th"]
[Site "Kolkata"]
[Date "2000.02.09"]
[Round "4"]
[White "Gopalakrishnan, K."]
[Black "Sundararajan, Kidambi"]
[Result "0-1"]
[WhiteElo "2211"]
[BlackElo "2433"]
[PlyCount "90"]
[EventDate "2000.02.05"]
[EventType "swiss"]
[EventRounds "11"]
[EventCountry "IND"]
[SourceTitle "CBM 074 Extra"]
[Source "ChessBase"]
[SourceDate "2000.03.10"]
[SourceVersion "2"]
[SourceVersionDate "2000.03.10"]
[SourceQuality "1"]

1. e4 c5 2. Nf3 d6 3. d4 cxd4 4. Nxd4 Nf6 5. Nc3 e6 6. Be3 a6 7. f3 b5 8. Qd2 Nbd7 9. g4 h6 10. 0-0-0 Bb7 11. h4 b4 12. Nb1 d5 13. Bh3 g5 14. hxg5 hxg5 15. Bxg5 dxe4 16. Bxf6 Nxf6 17. g5 exf3 18. Qe3 Nd5 19. Qe5 Rg8 20. Nxe6 Qe7 21. Nc7+ Nxc7 22. Bd7+ Kd8 23. Be6+ Nd5 24. Rxd5+ Bxd5 25. Qxd5+ Kc7 26. Qxa8 Qxg5+ 27. Kd1 Bc5 28. Qxf3 Rd8+ 29. Ke2 Qe5+ 30. Kf1 fxe6 31. Rh7+ Kb6 32. a3 Rf8 33. Rb7+ Ka5 34. Rf7 Rxf7 35. Qxf7 Qxb2 36. axb4+ Qxb4 37. Qc7+ Bb6 38. Qe5+ Qb5+ 39. Qxb5+ Kxb5 40. Ke2 Kc4 41. Kd1 Ba5 42. Ke2 Kd4 43. Kf3 Bb4 44. Ke2 e5 45. Kf3 a5 0-1

[Event "Goodricke op 11th"]
[Site "Kolkata"]
[Date "2000.02.08"]
[Round "3"]
[White "Gopalakrishnan, K."]
[Black "Shankar, Roy"]
[Result "0-1"]
[WhiteElo "2211"]
[BlackElo "2338"]
[PlyCount "72"]
[EventDate "2000.02.05"]
[EventType "swiss"]
[EventRounds "11"]
[EventCountry "IND"]
[SourceTitle "CBM 074 Extra"]
[Source "ChessBase"]
[SourceDate "2000.03.10"]
[SourceVersion "2"]
[SourceVersionDate "2000.03.10"]
[SourceQuality "1"]

1. e4 c5 2. Nf3 Nc6 3. d4 cxd4 4. Nxd4 Nf6 5. Nc3 e5 6. Ndb5 d6 7. Bg5 a6 8. Na3 b5 9. Nd5 Be7 10. Bxf6 Bxf6 11. c3 0-0 12. Nc2 Bg5 13. a4 bxa4 14. Rxa4 a5 15. Bc4 Rb8 16. b3 Kh8 17. 0-0 g6 18. Kh1 Bh6 19. Nce3 f5 20. exf5 gxf5 21. Qh5 Qg5 22. Qxg5 Bxg5 23. f3 f4 24. Nd1 e4 25. fxe4 Ne5 26. Nf2 f3 27. g3 Nxc4 28. bxc4 Bd8 29. Nf4 Rb3 30. c5 dxc5 31. N2d3 Rxc3 32. Ne5 Bc7 33. Nxf3 Bxf4 34. gxf4 Bh3 35. Nd2 Bxf1 36. Nxf1 Rxf4 0-1

[Event "Commonwealth-ch"]
[Site "India"]
[Date "1999.??.??"]
[Round "?"]
[White "Sareen, Vishal"]
[Black "Gopalakrishnan, K."]
[Result "1-0"]
[WhiteElo "2356"]
[BlackElo "2180"]
[PlyCount "165"]
[EventDate "1999.??.??"]
[EventType "swiss"]
[EventRounds "10"]
[EventCountry "IND"]
[SourceTitle "EXT 2002"]
[Source "ChessBase"]
[SourceDate "2001.11.25"]
[SourceVersion "1"]
[SourceVersionDate "2001.11.25"]
[SourceQuality "1"]

1. d4 Nf6 2. Nf3 e6 3. g3 d5 4. Bg2 Be7 5. c4 0-0 6. 0-0 dxc4 7. Qc2 a6 8. Qxc4 b5 9. Qc2 Bb7 10. Bd2 Nbd7 11. Ba5 Ra7 12. Nbd2 Qa8 13. b4 e5 14. dxe5 Nxe5 15. Nxe5 Bxg2 16. Rfc1 Bd6 17. Nc6 Bxc6 18. Qxc6 Nd5 19. Rab1 Qxc6 20. Rxc6 Re8 21. e4 Ne7 22. Rc3 Be5 23. Rc5 Bd4 24. Rc2 Bb6 25. Bxb6 cxb6 26. Kf1 g6 27. f3 Rd7 28. Rb3 Red8 29. Rbb2 Nc6 30. Rxc6 Rxd2 31. Rcc2 Rxc2 32. Rxc2 Rd4 33. Rb2 Kf8 34. Ke2 Ke7 35. Rb3 Rc4 36. Kd2 Rd4+ 37. Ke3 Rc4 38. Ra3 Rxb4 39. Rxa6 Rb2 40. h4 h5 41. Rxb6 Rxa2 42. Rxb5 Ra3+ 43. Kf4 Rc3 44. Rb7+ Ke6 45. Rb8 Ra3 46. Re8+ Kd7 47. Re5 Kd6 48. Rb5 Ke6 49. Rb6+ Ke7 50. Rb1 Ke6 51. Re1 Kf6 52. Re3 Ra1 53. Rb3 Rg1 54. Rb6+ Ke7 55. Rb5 Ke6 56. Rg5 Rh1 57. Ke3 Re1+ 58. Kf2 Ra1 59. g4 hxg4 60. Rxg4 Kf6 61. Rg1 Ra2+ 62. Kg3 Ke6 63. Rb1 Kf6 64. Rb6+ Ke7 65. Rb5 Ra1 66. h5 gxh5 67. Rxh5 Rg1+ 68. Kf4 Rf1 69. Ra5 Ke6 70. Ra6+ Ke7 71. Kg4 Rb1 72. f4 Rb5 73. e5 Rb4 74. Kg5 Rb1 75. Ra7+ Ke8 76. f5 Rb6 77. Ra8+ Kd7 78. f6 Rb1 79. Rf8 Rg1+ 80. Kh6 Ke6 81. Re8+ Kf5 82. Kh7 Rh1+ 83. Kg7 1-0

[Event "Commonwealth-ch"]
[Site "India"]
[Date "1999.??.??"]
[Round "?"]
[White "Shah, Pallavi G"]
[Black "Gopalakrishnan, K."]
[Result "0-1"]
[WhiteElo "2230"]
[BlackElo "2180"]
[PlyCount "54"]
[EventDate "1999.??.??"]
[EventType "swiss"]
[EventRounds "10"]
[EventCountry "IND"]
[SourceTitle "EXT 2002"]
[Source "ChessBase"]
[SourceDate "2001.11.25"]
[SourceVersion "1"]
[SourceVersionDate "2001.11.25"]
[SourceQuality "1"]

1. e4 c5 2. Nf3 d6 3. d4 cxd4 4. Nxd4 Nf6 5. Nc3 g6 6. Be3 Bg7 7. f3 Nc6 8. Bc4 0-0 9. Qd2 Bd7 10. 0-0-0 Rc8 11. Bb3 Ne5 12. g4 b5 13. h4 b4 14. Nd5 Nxd5 15. exd5 a5 16. h5 a4 17. Bxa4 Bxa4 18. b3 Bd7 19. Qh2 g5 20. Bxg5 Qa5 21. h6 Bh8 22. f4 Qxa2 23. fxe5 Qa1+ 24. Kd2 Qxd4+ 25. Kc1 Qa1+ 26. Kd2 Qc3+ 27. Kc1 Ra8 0-1